|
|
|
|
| LEADER |
00000naa a2200000uu 4500 |
| 001 |
vtls011055764 |
| 003 |
SK-MaSNL |
| 005 |
20260302115559.0 |
| 008 |
210907|2000 xo |||||||||||||||||slo| |
| 015 |
|
|
|a SNBRA
|
| 035 |
|
|
|a (urnnbn)urn:nbn:sk:snk:ar-a0byh2
|
| 035 |
|
|
|a (uuid)2737d72f-ee32-42bb-961c-94255d483cd8
|
| 035 |
|
|
|a urn:nbn:sk:snk-aav54p
|
| 040 |
|
|
|a SNKBUCL
|b slo
|c SNKBUCL
|e AACR2
|
| 041 |
0 |
|
|a slo
|
| 044 |
|
|
|a xo
|c SK
|
| 100 |
1 |
|
|a Senderská, Katarína
|4 aut
|9 418510
|
| 245 |
1 |
0 |
|a VYUŽÍVANIE MORFOLOGICKEJ ANALÝZY V PROJEKTOVANÍ MONTÁŽNYCH SYSTÉMOV
|c Katarína SENDERSKÁ, Viliam VARGA
|
| 700 |
1 |
|
|a Varga, Viliam
|4 aut
|9 799085
|
| 773 |
0 |
|
|t Transfer inovácií
|d Košice : Technická univerzita, 2000
|g S. 90-93
|z 8070996528
|
| 958 |
|
|
|a OND
|
| 958 |
|
|
|a article12
|
| 958 |
|
|
|a chapter
|
| 999 |
|
|
|c 1265381
|d 1267311
|